[Event "GER-ch U25-B"]
[Site "Willingen"]
[Date "2017.06.05"]
[Round "3"]
[White "Foos, Vanessa"]
[Black "Schicks, Jonathan"]
[Result "1-0"]
[WhiteElo "935"]
[BlackElo "741"]
[PlyCount "41"]
[EventDate "2017.06.04"]
[EventType "swiss"]
[EventRounds "9"]
[EventCountry "GER"]
[SourceTitle "CBM 178 Extra"]
[Source "ChessBase"]
[SourceDate "2017.06.22"]
[SourceVersion "1"]
[SourceVersionDate "2017.06.22"]
[SourceQuality "1"]

1. e4 e5 2. Nf3 Nc6 3. Bc4 Bc5 4. b4 Bxb4 5. c3 Bc5 6. d4 exd4 7. 0-0 Qf6 8. Qb3 Nh6 9. Bg5 Qg6 10. Bxh6 Qxh6 11. Bxf7+ Kf8 12. cxd4 Nxd4 13. Nxd4 Bxd4 14. Rd1 Bxa1 15. Bc4 b6 16. Qf3+ Bf6 17. e5 Rb8 18. exf6 gxf6 19. Re1 Bb7 20. Qe2 Qg6 21. Qe7# 1-0